| 000 | 00477nam a2200169Ia 4500 | ||
|---|---|---|---|
| 999 |
_c19988 _d19988 |
||
| 003 | OSt | ||
| 005 | 20200605152416.0 | ||
| 008 | 190216s9999||||xx |||||||||||||| ||und|| | ||
| 020 | _a195613031 | ||
| 040 | _coclc | ||
| 082 |
_a320.954 _bPAG/P |
||
| 100 |
_aPage, David _92561 |
||
| 245 | 0 |
_aPrelude To Partition / _cDavid Page |
|
| 260 |
_bOxford University Press, _c1987. _aDelhi: |
||
| 300 | _a288p | ||
| 942 |
_cBK _2ddc _h320.954 _iPAG/P _k320.954 _mPAG/P |
||